Mundo de Tipirito /

Uloženo v:
Podrobná bibliografie
Hlavní autor: Collado Aguilar, Delfina 1979-
Médium: Neznámo
Vydáno: San José, Costa Rica: Editorial Costa Rica, 1978.
Témata:
Tagy: Přidat tag
Žádné tagy, Buďte první, kdo vytvoří štítek k tomuto záznamu!

MARC

LEADER 000000000a22000000004500
001 000225
008 140604s1978 cr |||j |||| 00| 1 spa d
041 0 |a español 
082 |a CR863.4 C719m 1978 
100 1 |a Collado Aguilar, Delfina  |d 1979- 
245 1 0 |a Mundo de Tipirito /  |c Delfina Collado 
260 |a San José, Costa Rica:  |b Editorial Costa Rica,  |c 1978. 
300 |a 135 páginas 
650 4 |a LITERATURA COSTARRICENSE  |v CUENTOS 
650 4 |a LITERATURA INFANTIL 
942 |2 ddc  |c BK 
999 |c 4158  |d 4158